| 000 | 00995nam0a22002891 4500 | ||
|---|---|---|---|
| 001 | v19\rc\1412935 | ||
| 005 | 20250618104901.0 | ||
| 035 | _a(NLR Aleph) 004541204 | ||
| 090 |
_a2009054 _c2009054 |
||
| 100 | _a20060512d1880 |||y0rusy50 ca | ||
| 101 | 0 | _arus | |
| 102 | _aRU | ||
| 105 | _aa j ||||| | ||
| 200 | 1 |
_aЛесоохранение _eКн. для лесовладельцев, лесничих и слушателей учебных лесных заведений _f[Соч.] П.В. Баранецкого |
|
| 210 |
_aСанкт-Петербург _cтип. А.С. Суворина _d1880 |
||
| 215 |
_aX, 310 с. _cил. _d21 |
||
| 700 | 1 |
_aБаранецкий _bП.В. _f-1904 _gПетр Васильевич |
|
| 801 | 0 |
_aRU _bNLR _gpsbo |
|
| 801 | 0 |
_aRU _bRuMoRGB _2psbo |
|
| 801 | 1 |
_aRU _bProSoft-M _2rusmarc |
|
| 852 |
_aNLR _j130/329 |
||
| 852 |
_aNLR _j18.137.5.47 |
||
| 899 |
_aRuMoRGB _jP 53/98 |
||
| 899 |
_aRuMoRGB _jU 28/555 |
||
| 899 | _aБАН | ||
| 942 | _cBOOK | ||
| 980 | _aNB | ||